Girasol : eficiencia de cosecha y postcosecha /
Guardado en:
| Autor Principal: | |
|---|---|
| Autor Corporativo: | |
| Otros Autores: | , , |
| Formato: | Libro |
| Idioma: | Spanish |
| Publicado: |
Manfredi :
INTA PRECOP,
2003.
|
| Series: | Manual Técnico ;
nº 2 |
| Etiquetas: |
Agregar Etiqueta
Sin Etiquetas, Sea el primero en etiquetar este registro!
|
| LEADER | 00883nam a22002295a 4500 | ||
|---|---|---|---|
| 001 | EEA.libagro007154 | ||
| 005 | 20180604100647.0 | ||
| 008 | 130809s2003####ag#a##########000#0#spa#d | ||
| 022 | |a 1667-9199 | ||
| 082 | 0 | 4 | |a 633.85 |
| 100 | 1 | |a Bragachini, Mario. | |
| 245 | 1 | 0 | |a Girasol : |b eficiencia de cosecha y postcosecha / |c Mario Bragachini ; Cristiano Casini ; José Pieretti ; Juan Rodríguez, (eds.). |
| 260 | |a Manfredi : |b INTA PRECOP, |c 2003. | ||
| 300 | |a 75 p. : |b il. ; |c 25 cm. | ||
| 490 | 1 | |a Manual Técnico ; |v nº 2 | |
| 500 | |a Proyecto eficiencia de cosecha y postcosecha de granos. | ||
| 700 | 1 | |a Casini, Cristiano. | |
| 700 | 1 | |a Pieretti, José. | |
| 700 | 1 | |a Rodríguez, Juan. | |
| 710 | 2 | |a Instituto Nacional de Tecnología Agropecuaria (Argentina) | |
| 859 | |a AR-BbBCA |b BIB. AGRONOMIA |h 633.85 |i B813 |p 2004/4525 | ||
| 859 | |a AR-BbBCA |b BIB. AGRONOMIA |h 633.85 |i B813 |p 2004/4566 |t Ej.2 | ||
